Datum a čas kvízu
40
Celkem bodů
Celkový počet nahraných bodů na tomto kvízu bez doplňovacích otázek.
2.
Pořadí na kvízu
Konečné umístění týmu na tomto kvízu.
Zaznamenané odpovědi
| # | Otázka | Odpověď | Body | Výsledky |
|---|---|---|---|---|
| 1. | Premiér Fiala ve čtvrtek podep... | o Vatikán | 1 | |
| 2. | Britské ministerstvo vnitra pr... | (medvídek) Paddington | 1 | |
| 3. | Český film režiséra Petra Slav... | Tancuj Matyldo | 1 | |
| 4. | Minulý týden jsme se dozvěděli... | C) Alan Turing | 1 | |
| 5. | Český hokejový brankář Vítek V... | Vanacek | 1 | |
| 6. | Vzhledem ke končící bohaté hou... | prsten; třeň | 0.5 | |
| 7. | Uveďte rodové jméno tohoto ptá... | brhlík | 1 | |
| 8. | Při nocování v lese jste už mo... | liška | 0 | |
| 9. | V průběhu léta zástupci jeleno... | lýčí | 1 | |
| 10. | Na jaře se řada lidí vydává do... | konvalinka; ocún | 0.5 |